000 00257nam a2200109Ia 4500
008 200302s9999 xx 000 0 und d
100 _aAndreas C. Papadakis
245 _aArchitectural Design
260 _bAd Editions Ltd.
260 _c1986
300 _a26 P.,
999 _c2436
_d2436